1985 1562 1615 1804 1148 1586 1852 1271 1602 1228 1398 1197 1576 1149 1916 1473 1214 1175 1805 1705 1067 1628 1843 1971 1028 1573 1431 1107 1524 1841 1669 1339 1348 1712 1494 1106 1708 1481 1634 1996 1650 1089 1339 1087 1454 1302 1242 1005 1155 1744 1134 1211 1585 1392 1142 1881 1956 1873 1167 1157 1889 1745 1100 1722 1468 1906 1316 1444 1808 1119 1223 1743 1971 1473 1575 1760 1088 1596 1255 1445 1784 1325 1466 1001 1605 1224 1121 1006 1581 1230 1109 1621 1494 1387 1535 1472 1181 1419 1566 BCNSPRNW ULIB Ver.6.0+V

เปลี่ยนเป็นภาษาไทย

Change to English
 แสดงรายละเอียดบรรณานุกรม
  กลับหน้าหลัก

Brief Record : Get Marc (ISO 2709) : E-mail record : QR code < ปิดหน้าต่าง
LEADER : 00000nam 2200000uu 4500
001    13399112252
003     ULIB
008    110802s2554||||th 000 0 tha d
020    9786160603718
090    นว.^bอ525ม 2554
100 0  อัญชรีย์
245 00 มนตราวิวาห์หวาน/^cอัญชรีย์
250    พิมพ์ครั้งที่ 2
260    กรุงเทพฯ:^bแจ่มใส, 2554
300    381 หน้า
945    ^p239^l0^i18470
995    เกษร
999    ^aใช้งานได้ทุกระบบ
รายการนี้ยังไม่มีแท็ก
คุณยังไม่ได้ล็อกอิน คุณสามารถมีกิจกรรมร่วมกับเว็บไซต์ได้ แต่ต้องล็อกอินก่อน ::
  ล็อกอิน

รายการสื่อสารสนเทศ

ลำดับที่ ประเภท เลขเรียก/บาร์โค้ด สถานที่ สถานะ
1. วิทยาศาสตร์การแพทย์ และสุขภาพ
วิทยาศาสตร์การแพทย์ และสุขภาพ
นว. อ525ม 2554  
  Barcode: 18470
ห้องสมุดวิทยาเขตสวรรค์ประชารักษ์
►นวนิยาย
บนชั้น
  ขอยืม

รายการใกล้เคียง
    ผู้แต่ง [อัญชรีย์]

BibComment


ยังไม่เคยถูกคอมเมนท์

คอมเมนท์ทรัพยากรรายการนี้
  คอมเมนท์: มนตราวิวาห์หวาน อ..


 Copyright 2026. Bcnsprnw @Library